000 00369nam a2200145Ia 4500
008 230312s9999||||xx |||||||||||||| ||und||
020 _a978-0762451630
082 _a641.5631
_bKOC-E
100 _aKoch;Marlene
245 0 _aEat What you Love Everyday
260 _bRunning Press
_aChina
_c2014
300 _a350
650 _aFood Science
_vFood Industry
942 _cBK
999 _c14279
_d14279